| 000 | 01383nam a22003497a 4500 | ||
|---|---|---|---|
| 003 | OSt | ||
| 005 | 20260402110912.0 | ||
| 008 | 260402b |||||||| |||| 00| 0 eng d | ||
| 020 | _a031651730-5 (pbk) | ||
| 040 | _clittle ,brown &company | ||
| 041 | _aENGLISH. | ||
| 050 |
_aPZ 7 .L43 1988 _b.L43 1988 |
||
| 100 |
_aLawson, Robert, _d1892-1957. |
||
| 245 |
_aBen and me : _ba new and astonishing life of Benjamin Franklin as written by his good mouse Amos / _cRobert Lawson. |
||
| 246 | _aBen & me | ||
| 250 | _a3RD EDITION. | ||
| 260 |
_aCanada: _bLittle, Brown and Company, _c1988. |
||
| 300 |
_ax, 113 pages. : _bill. ;18.5 cm. |
||
| 500 | _aIllustrated by the author. | ||
| 500 | _aA fictionalized biography told from the perspective of a mouse named Amos. | ||
| 520 | _aBenjamin Franklin's companion , Amos the mouse , recounts how he was responsible for Franklin's inventions and discoveries. | ||
| 521 | _aSuitable for children. | ||
| 600 |
_aFranklin, Benjamin, _d1706-1790 _vJuvenile fiction. |
||
| 650 |
_aInventors _vJuvenile fiction. _zUnited States |
||
| 650 |
_aStatesmen _vJuvenile fiction, _z United States |
||
| 650 |
_aMice _vJuvenile fiction. |
||
| 650 | _aHistorical fiction. | ||
| 655 |
_2lcgft _aJuvenile fiction. |
||
| 655 |
_2lcgft. _aHistorical fiction. |
||
| 700 |
_aFranklin, Benjamin, _d1706-1790, _esubject. |
||
| 942 |
_2lcc _cBK _e3rd ed. _n0 |
||
| 999 |
_c10048 _d10048 |
||